|
|
|
|
| LEADER |
01986 a2200253 4500 |
| 008 |
100208b ||||| |||| 00| 0 eng d |
| 020 |
|
|
|a 978-0-07-133345-0
|
| 082 |
|
|
|a 330.015195
|
| 100 |
|
|
|a Gujarati, Damodar N.
|
| 245 |
|
|
|a Basic econometrics /
|c Damodar N Gujrati,Dawn C Porter and Sangeetha Gunasekhar
|
| 250 |
|
|
|a 5th ed.
|
| 260 |
|
|
|a New Delhi:
|b Tata Mc GrawHill,
|c 2012.
|
| 300 |
|
|
|3 886 p.
|
| 650 |
|
|
|a Econometrics
|
| 700 |
|
|
|a Porter,Dawn C.
|
| 700 |
|
|
|a Gunasekar, Sangeetha.
|
| 942 |
|
|
|c BK
|
| 999 |
|
|
|c 318352
|d 318352
|
| 952 |
|
|
|0 0
|1 0
|2 ddc
|4 0
|6 330_015195000000000_GUJ_B
|7 0
|8 NFIC
|9 364497
|a ECN
|b ECN
|c GEN
|d 2013-05-27
|e Publication Division,University of Calicut
|i 8742
|l 17
|m 15
|o 330.015195 GUJ/B
|p ECN8742
|q 2021-10-17
|r 2021-09-17
|s 2021-09-17
|w 2013-05-27
|y BK
|
| 952 |
|
|
|0 0
|1 0
|2 ddc
|4 0
|6 330_015195000000000_GUJ_B1
|7 0
|8 RUSA
|9 364498
|a ECN
|b ECN
|c ST1
|d 2017-10-04
|e The Book shop, Publication Division, University of Calicut
|i 9062
|l 10
|m 3
|o 330.015195 GUJ/B;1
|p ECN9062
|q 2021-10-06
|r 2021-09-06
|s 2021-09-06
|w 2017-10-04
|y BK
|
| 952 |
|
|
|0 0
|1 0
|2 ddc
|4 0
|6 330_015195000000000_GUJ_B2
|7 0
|8 RUSA
|9 364499
|a ECN
|b ECN
|c ST1
|d 2017-10-04
|e The Book shop, Publication Division, University of Calicut
|i 9061
|l 10
|m 6
|o 330.015195 GUJ/B;2
|p ECN9061
|r 2021-07-13
|s 2021-02-23
|w 2017-10-04
|y BK
|
| 952 |
|
|
|0 0
|1 0
|2 ddc
|4 0
|6 330_015195000000000_GUJ_B3
|7 0
|8 RUSA
|9 364500
|a ECN
|b ECN
|c ST1
|d 2017-10-04
|e The Book shop, Publication Division, University of Calicut
|i 9059
|l 10
|m 6
|o 330.015195 GUJ/B;3
|p ECN9059
|r 2021-09-13
|s 2021-03-22
|w 2017-10-04
|y BK
|
| 952 |
|
|
|0 0
|1 0
|2 ddc
|4 0
|6 330_015195000000000_GUJ_B4
|7 0
|8 RUSA
|9 364501
|a ECN
|b ECN
|c ST1
|d 2017-10-04
|e The Book shop, Publication Division, University of Calicut
|i 9063
|l 7
|m 5
|o 330.015195 GUJ/B;4
|p ECN9063
|r 2020-11-23
|s 2020-03-11
|w 2017-10-04
|y BK
|
| 952 |
|
|
|0 0
|1 0
|2 ddc
|4 0
|6 330_015195000000000_GUJ_B5
|7 0
|8 RUSA
|9 364502
|a ECN
|b ECN
|c ST1
|d 2017-10-04
|e The Book shop, Publication Division, University of Calicut
|i 9060
|l 8
|m 7
|o 330.015195 GUJ/B;5
|p ECN9060
|r 2021-09-06
|s 2021-03-23
|w 2017-10-04
|y BK
|